Vydraží sa obraz za milión? v nedeľu ďalšia letná aukcia umeleckých diel

Bibliographic Details
Main Author: Krajňák, Jaroslav, 1957- (Author)
Format: Article
Language:Slovak
ISSN:1336-4030
Subjects:
Online Access:www.vecernik.po.sk

MARC

LEADER 00000nab a2200000 a 4500
001 vtls008408834
003 SK-MaSNL
005 20260303070112.0
008 051110c20050617xo dr n 000 00slo
038 |a SVKPOCL 
040 |a SVKPOCL  |b slo  |c SVKPO  |e AACR2 
041 0 |a slo 
044 |a xo  |c SK 
080 |a 658.849.7:061.25  |2 UDC-MRF-SK2 
080 |a 75.051:658.849.7  |2 UDC-MRF-SK2 
245 0 0 |a Vydraží sa obraz za milión?  |b v nedeľu ďalšia letná aukcia umeleckých diel 
600 1 7 |a Krajňák, Jaroslav  |2 svkpocl  |9 1067076 
610 2 7 |a Darte (aukčná spoločnosť : Prešov, Slovensko)  |2 svkpocl  |9 1043474 
648 7 |a 19.6.2005  |2 svkpocl  |9 1067077 
650 0 7 |a umelecké diela  |2 svkpocl  |9 2976 
650 0 7 |a verejné dražby  |2 svkpocl  |9 4608 
651 7 |a Prešov (Slovensko)  |2 svkpocl  |9 17347 
700 1 |a Krajňák, Jaroslav,  |d 1957-  |4 aut  |9 484517 
773 0 |t Prešovský večerník  |g Roč. XVI, č. 3735 (17.6.2005), s. 2  |x 1336-4030 
852 |a SVKPO  |b KIS3GCP 
856 4 1 |u www.vecernik.po.sk 
999 |c 1753966  |d 1755896